LEADER 01403nam a2200193 i 4500 001 000000117843 003 CaOOAMICUS 005 20160406000000.0 008 160406s1737 xx u000 u lat u 013 $a90535 026 $a39n- umat m,um Midu (C) 1737 (R) 040 $aSeMil$bita 245 10$aPars altera. Tomi primi. Complectens 3. 4. et 5. nempe ultimam partem commentariorum Gavanti ad rubricas Missalis cum indicibus decretorum, verborum, & rerum notabilium, quæ continentur in toto hoc primo tomo. 300 $a[4] p., P. 731-1537, [5] p. 500 $aSegn. : pg2 A-4T6(4T6 bianca). 773 0 $aGavanti, Bartolomeo <1569-1638>$tThesaurus sacrorum rituum ab A.R.P.D. Bartholomaeo Gavanto ... Olim concinnatus, et saepius editus, nunc vero correctior, et locupletior, adjectis summorum pontificum, et S.R.C. decretis usque ad praesens emanatis, novisque observationibus, et additionibus Cajetani Mariae Merati ... Tomus 1. [-2.].$dRomae : Ex Typographia Vaticana : apud Johannem Mariam Henricum Salvioni, 1736-1738.$g1$w()33099 850 $aSeMil 852 $aSeMil$W1$xVenegono$y1$m3K IV 86 FA$j73195$B73195$CSeMilBibl$Z2$F76281 $8I 996 $6245$aPars altera. Tomi primi. Complectens 3. 4. et 5. nempe ultimam partem commentariorum Gavanti ad rubricas Missalis cum indicibus decretorum, verborum, & rerum notabilium, quæ continentur in toto hoc primo tomo$9(OLS)http://semarc/title/173058 LEADER 01402nam a2200217 i 4500 001 000000232763 003 CaOOAMICUS 005 20140905000000.0 008 140905s1698 it u000 u ita u 013 $a211666 026 $ai.us x-um a-s- adve (7) 1698 (Q) 040 $aSeMil$bita 245 10$aCriticorum sacrorum sive Annotatorum ad libros Propheticos Veteris Testamenti tomus quartus. 300 $a[4] p., 1020 col., [2] p., 440, 838 [i.e. 846] col., [1] p. :$bill. 500 $aTitolo dell'occhietto. - Segn. : pigreco2, A-3S4, 2A-2D4 2E2 a-2s4 2t6 2v-3f4 3g2. - Ripetute nella num. le col. 670-677. 773 0 $tCritici sacri: sive Annotata doctissimorum virorum in Vetus ac Novum Testamentum. Quibus accendunt tractatus varii theologico-philologici.$dAmstelaedami : excudunt Henricus & vidua Theodori Boom, Joannes & AEgidius Jansonii à Waesberge, Gerhardus Borstius, Abrahamus à Someren, Joannes Wolters; et Ultrajecti Guiljelmus van de Water, 1698.$bEditio nova in novem tomos distributa, multis anecdotis commentariis, ac indice ad totum opus locupletissimo, aucta$g4$w()30482 850 $aSeMil 852 $aSeMil$W1$xVenegono$y1$m2Y VI 49 FA$j183109$B183109$CSeMilBibl$Z2$F194117 $8I 941 1 $a10 961 $aRecupero: Mantegazza 996 $6245$aCriticorum sacrorum sive Annotatorum ad libros Propheticos Veteris Testamenti tomus quartus$9(OLS)http://semarc/title/332094